<?xml version="1.0" encoding="UTF-8"?>
<record
    xmlns:xsi="http://www.w3.org/2001/XMLSchema-instance"
    xsi:schemaLocation="http://www.loc.gov/MARC21/slim http://www.loc.gov/standards/marcxml/schema/MARC21slim.xsd"
    xmlns="http://www.loc.gov/MARC21/slim">

  <leader>02820nam a22002417a 4500</leader>
  <controlfield tag="005">20250322043325.0</controlfield>
  <controlfield tag="008">230721b           ||||| |||| 00| 0 eng d</controlfield>
  <datafield tag="020" ind1=" " ind2=" ">
    <subfield code="a">9788195590322</subfield>
  </datafield>
  <datafield tag="040" ind1=" " ind2=" ">
    <subfield code="c">AL</subfield>
  </datafield>
  <datafield tag="041" ind1=" " ind2=" ">
    <subfield code="a">kan</subfield>
  </datafield>
  <datafield tag="082" ind1=" " ind2=" ">
    <subfield code="2">23</subfield>
    <subfield code="a">K894.4</subfield>
    <subfield code="b">RUPE</subfield>
  </datafield>
  <datafield tag="100" ind1=" " ind2=" ">
    <subfield code="a">Rupa Hasana</subfield>
    <subfield code="9">206668</subfield>
  </datafield>
  <datafield tag="100" ind1=" " ind2=" ">
    <subfield code="9">128163</subfield>
    <subfield code="d"> &#xCB0;&#xCC2;&#xCAA; &#xCB9;&#xCBE;&#xCB8;&#xCA8; </subfield>
  </datafield>
  <datafield tag="245" ind1=" " ind2=" ">
    <subfield code="a">Evala Bharatha: Hennodala Hadupadina Barahaguchcha</subfield>
    <subfield code="b">&#xC87;&#xCB5;&#xCB3; &#xCAD;&#xCBE;&#xCB0;&#xCA4;: &#xCB9;&#xCC6;&#xCA3;&#xCCD;&#xCA3;&#xCCA;&#xCA1;&#xCB2; &#xCB9;&#xCBE;&#xCA1;&#xCC1; &#xCAA;&#xCBE;&#xCA1;&#xCBF;&#xCA8; &#xCAC;&#xCB0;&#xCB9;&#xC97;&#xCC1;&#xC9A;&#xCCD;&#xC9B; </subfield>
  </datafield>
  <datafield tag="260" ind1=" " ind2=" ">
    <subfield code="a">Channapattana</subfield>
    <subfield code="b">Pallava Prakashana</subfield>
    <subfield code="c">2023</subfield>
  </datafield>
  <datafield tag="300" ind1=" " ind2=" ">
    <subfield code="a">xxi,463p,</subfield>
    <subfield code="b">PB</subfield>
    <subfield code="c">21x14cm.</subfield>
  </datafield>
  <datafield tag="365" ind1=" " ind2=" ">
    <subfield code="2">Kannada</subfield>
    <subfield code="a">BLCR-000022</subfield>
    <subfield code="b">320.00</subfield>
    <subfield code="c">&#x20B9;</subfield>
    <subfield code="d">400.00</subfield>
    <subfield code="e">20%</subfield>
    <subfield code="f">11-07-2023</subfield>
  </datafield>
  <datafield tag="520" ind1=" " ind2=" ">
    <subfield code="a">&#xC87;&#xCB7;&#xCCD;&#xC9F;&#xCB0; &#xCA8;&#xCA1;&#xCC1;&#xCB5;&#xCC6;&#xCAF;&#xCC2; &#xCAC;&#xCBE;&#xCAC;&#xCBE; &#xCB8;&#xCBE;&#xCB9;&#xCC7;&#xCAC;&#xCCD; &#xC85;&#xC82;&#xCAC;&#xCC7;&#xCA1;&#xCCD;&#xC95;&#xCB0;&#xCCD; &#xC85;&#xCB5;&#xCB0; &#xCA8;&#xCC7;&#xCA4;&#xCC3;&#xCA4;&#xCCD;&#xCB5;&#xCA6;&#xCB2;&#xCCD;&#xCB2;&#xCBF; &#xCB0;&#xC9A;&#xCA8;&#xCC6;&#xCAF;&#xCBE;&#xC97;&#xCBF;, &#xCAA;&#xCCD;&#xCB0;&#xC9C;&#xCBE;&#xCAA;&#xCCD;&#xCB0;&#xCAD;&#xCC1;&#xCA4;&#xCCD;&#xCB5;&#xCA6; &#xCB8;&#xCBE;&#xC95;&#xCBE;&#xCB0;&#xC95;&#xCCD;&#xC95;&#xCC6; &#xCA6;&#xCBF;&#xC95;&#xCCD;&#xC95;&#xCBE;&#xC97;&#xCBF;&#xCB0;&#xCC1;&#xCB5; &#xCB8;&#xC95;&#xCB2; &#xC9C;&#xCC0;&#xCB5;&#xCAA;&#xCB0;&#xCB5;&#xCBE;&#xCA6; &#xCA8;&#xCAE;&#xCCD;&#xCAE; &#xCB8;&#xC82;&#xCB5;&#xCBF;&#xCA7;&#xCBE;&#xCA8;! &#xC85;&#xCA6;&#xCCA;&#xC82;&#xCA6;&#xCC1; &#xCAD;&#xCB0;&#xCB5;&#xCB8;&#xCC6;, &#xCB8;&#xCAE;&#xCBE;&#xCA7;&#xCBE;&#xCA8;, &#xC8E;&#xCB7;&#xCCD;&#xC9F;&#xCC7; &#xC95;&#xCB7;&#xCCD;&#xC9F;&#xCB5;&#xCBE;&#xCA6;&#xCB0;&#xCC2; &#xC85;&#xCA6;&#xCC7; &#xCA6;&#xCBE;&#xCB0;&#xCBF;...! &#xCB8;&#xCCD;&#xCB5;&#xCBE;&#xCA4;&#xC82;&#xCA4;&#xCCD;&#xCB0;&#xCCD;&#xCAF;&#xC95;&#xCCD;&#xC95;&#xCBE;&#xC97;&#xCBF; &#xCA8;&#xCA1;&#xCC6;&#xCA6; &#xCB9;&#xCCB;&#xCB0;&#xCBE;&#xC9F;&#xCA6; &#xCB9;&#xCBE;&#xCA6;&#xCBF;&#xCAF; &#xCA8;&#xCA1;&#xCC6; &#xC95;&#xCA0;&#xCBF;&#xCA3;. &#xC86;&#xCA6;&#xCB0;&#xCC6; &#xCB8;&#xC82;&#xCB5;&#xCBF;&#xCA7;&#xCBE;&#xCA8;&#xCA6; &#xC97;&#xCC1;&#xCB0;&#xCBF; &#xCAE;&#xCC1;&#xC9F;&#xCCD;&#xC9F;&#xCC1;&#xCB5; &#xCB9;&#xCBE;&#xCA6;&#xCBF; &#xC95;&#xCA0;&#xCCB;&#xCB0;! &#xC95;&#xCB7;&#xCCD;&#xC9F;&#xCB5;&#xCBE;&#xCA6;&#xCB0;&#xCC2; &#xCB9;&#xCCA;&#xCB0;&#xC97;&#xCBF;&#xCA8; &#xCB6;&#xCA4;&#xCCD;&#xCB0;&#xCC1;&#xC97;&#xCB3;&#xCA8;&#xCCD;&#xCA8;&#xCC1; &#xCA8;&#xCBF;&#xCB0;&#xCCD;&#xCA6;&#xCBE;&#xC95;&#xCCD;&#xCB7;&#xCBF;&#xCA3;&#xCCD;&#xCAF;&#xCB5;&#xCBE;&#xC97;&#xCBF; &#xCB9;&#xCCA;&#xCB0;&#xC97;&#xCC6; &#xC92;&#xCA6;&#xCCD;&#xCA6;&#xCCB;&#xCA1;&#xCBF;&#xCB8;&#xCAC;&#xCB9;&#xCC1;&#xCA6;&#xCC1;. &#xC86;&#xCA6;&#xCB0;&#xCC6; &#xC92;&#xCB3;&#xC97;&#xCBF;&#xCA8; &#xCA8;&#xCAE;&#xCCD;&#xCAE;&#xCB5;&#xCB0;&#xCC6;&#xCA8;&#xCBF;&#xCB8;&#xCBF;&#xC95;&#xCCA;&#xC82;&#xCA1;&#xCB5;&#xCB0;&#xCCA;&#xCA1;&#xCA8;&#xCC6;?- &#xC86;&#xC82;&#xCA4;&#xCB0;&#xCBF;&#xC95; &#xCB9;&#xCCB;&#xCB0;&#xCBE;&#xC9F; &#xC85;&#xCA4;&#xCCD;&#xCAF;&#xC82;&#xCA4; &#xCAF;&#xCBE;&#xCA4;&#xCA8;&#xCBE;&#xCA6;&#xCBE;&#xCAF;&#xC95;, &#xCB8;&#xCC2;&#xC95;&#xCCD;&#xCB7;&#xCCD;&#xCAE; &#xCAE;&#xCA4;&#xCCD;&#xCA4;&#xCC1; &#xC95;&#xCCD;&#xCB2;&#xCBF;&#xCB7;&#xCCD;&#xC9F;&#xC95;&#xCB0;. &#xCB9;&#xCC0;&#xC97;&#xCC6;&#xC82;&#xCA6;&#xCC7; &#xC88; &#xC97;&#xCC1;&#xCB0;&#xCBF; &#xCB8;&#xCC7;&#xCB0;&#xCB2;&#xCC1; &#xCAE;&#xCA4;&#xCCD;&#xCA4;&#xCC6; &#xCAE;&#xCA4;&#xCCD;&#xCA4;&#xCC6; &#xCB0;&#xC9A;&#xCA8;&#xCBE;&#xCA4;&#xCCD;&#xCAE;&#xC95;, &#xC95;&#xCCD;&#xCB0;&#xCBF;&#xCAF;&#xCBE;&#xCB6;&#xCC0;&#xCB2; &#xCA8;&#xCA1;&#xCC6;&#xC97;&#xCB3;&#xCA8;&#xCCD;&#xCA8;&#xCC1; &#xCA8;&#xCBE;&#xCB5;&#xCC1; &#xC95;&#xCB2;&#xCBF;&#xCAF;&#xCC1;&#xCA4;&#xCCD;&#xCA4;&#xCBE; &#xCB8;&#xCBE;&#xC97;&#xCAC;&#xCC7;&#xC95;&#xCBF;&#xCA6;&#xCC6;&#xCAF;&#xCB7;&#xCCD;&#xC9F;&#xCC7;. &#xC86; &#xCAA;&#xCCD;&#xCB0;&#xCAF;&#xCA4;&#xCCD;&#xCA8;&#xCA6; &#xC85;&#xCA3;&#xCC1;&#xCB5;&#xCBF;&#xCA8;&#xCB7;&#xCCD;&#xC9F;&#xCC1; &#xCAD;&#xCBE;&#xC97;&#xCB5;&#xCBE;&#xC97;&#xCBF;, '&#xC87;&#xCB5;&#xCB3; &#xCAD;&#xCBE;&#xCB0;&#xCA4;'&#xCA6;&#xCB2;&#xCCD;&#xCB2;&#xCBF; &#xCA8;&#xCBE;&#xCA8;&#xCC2; &#xC92;&#xC82;&#xCA6;&#xCC1; &#xCAA;&#xCC1;&#xC9F;&#xCCD;&#xC9F; &#xC95;&#xCA3;&#xCB5;&#xCBE;&#xC97;&#xCBF;, &#xCA8;&#xCA8;&#xCCD;&#xCA8; &#xCAC;&#xCA6;&#xCC1;&#xC95;&#xCC1; '&#xC87;&#xCB5;&#xCB3; &#xCAD;&#xCBE;&#xCB0;&#xCA4;'&#xCA6;&#xCB2;&#xCCD;&#xCB2;&#xCBF; &#xC95;&#xCB0;&#xC97;&#xCBF; &#xC92;&#xC82;&#xCA6;&#xCBE;&#xC97;&#xCBF; &#xCB9;&#xCCB;&#xCA6; &#xC95;&#xCA5;&#xCC6;&#xCAF;, &#xCB9;&#xCC6;&#xCA3;&#xCCD;&#xCA3;&#xCC2;&#xCA1;&#xCB2; &#xCB9;&#xCBE;&#xCA1;&#xCC1; &#xCAA;&#xCBE;&#xCA1;&#xCBF;&#xCA8; &#xCAC;&#xCBF;&#xCA1;&#xCBF; &#xCAC;&#xCBF;&#xCA1;&#xCBF; &#xCA4;&#xCC1;&#xCA3;&#xCC1;&#xC95;&#xCC1;&#xC97;&#xCB3;&#xCC1;, &#xC9A;&#xCBF;&#xCA4;&#xCCD;&#xCB0;&#xC97;&#xCB3;&#xCC7; '&#xC87;&#xCB5;&#xCB3; &#xCAD;&#xCBE;&#xCB0;&#xCA4;! - &#xCB0;&#xCC2;&#xCAA; &#xCB9;&#xCBE;&#xCB8;&#xCA8;</subfield>
  </datafield>
  <datafield tag="650" ind1=" " ind2=" ">
    <subfield code="a">Kannada Prose: &#xC95;&#xCA8;&#xCCD;&#xCA8;&#xCA1; &#xC97;&#xCA6;&#xCCD;&#xCAF; </subfield>
    <subfield code="9">128058</subfield>
  </datafield>
  <datafield tag="650" ind1=" " ind2=" ">
    <subfield code="a">Collection of Articles: &#xC95;&#xCA8;&#xCCD;&#xCA8;&#xCA1; &#xC85;&#xC82;&#xC95;&#xCA3; &#xCAC;&#xCB0;&#xCB9;&#xC97;&#xCB3;&#xCC1; </subfield>
    <subfield code="9">128059</subfield>
  </datafield>
  <datafield tag="700" ind1=" " ind2=" ">
    <subfield code="a">HASANA (Rupa): &#xCB9;&#xCBE;&#xCB8;&#xCA8; (&#xCB0;&#xCC2;&#xCAA;)</subfield>
    <subfield code="9">128060</subfield>
  </datafield>
  <datafield tag="942" ind1=" " ind2=" ">
    <subfield code="2">ddc</subfield>
    <subfield code="c">BK</subfield>
  </datafield>
  <datafield tag="999" ind1=" " ind2=" ">
    <subfield code="c">228046</subfield>
    <subfield code="d">228046</subfield>
  </datafield>
  <datafield tag="952" ind1=" " ind2=" ">
    <subfield code="0">0</subfield>
    <subfield code="1">0</subfield>
    <subfield code="2">ddc</subfield>
    <subfield code="4">0</subfield>
    <subfield code="7">0</subfield>
    <subfield code="8">KAN</subfield>
    <subfield code="a">AL</subfield>
    <subfield code="b">AL</subfield>
    <subfield code="d">2023-07-19</subfield>
    <subfield code="e">Navakarnataka Publications Pvt Ltd Mangaluru 575001</subfield>
    <subfield code="g">320.00</subfield>
    <subfield code="l">0</subfield>
    <subfield code="o">K894.4 RUPE</subfield>
    <subfield code="p">076579</subfield>
    <subfield code="r">2023-07-21 00:00:00</subfield>
    <subfield code="v">400.00</subfield>
    <subfield code="w">2023-07-21</subfield>
    <subfield code="y">BK</subfield>
  </datafield>
</record>
